| 000 | 00464nam a2200169 4500 | ||
|---|---|---|---|
| 001 | 121056 | ||
| 003 | ES-MaACL | ||
| 005 | 20230906191658.0 | ||
| 007 | t| | ||
| 008 | 070214s1909 fr r ||||1| fre d | ||
| 100 | 1 |
_aPoncet, Antonin. _992963 |
|
| 245 | 1 | 3 |
_aLe rhumatisme tuberculeux / _cAntonin Poncet, René Leriche. |
| 260 |
_aParis : _bDoin, _c1909. |
||
| 300 |
_aVIII, 285 p. ; _c18 cm. |
||
| 700 | 1 |
_aLeriche, René. _971771 |
|
| 852 |
_aES-MaACL _jB-11679 |
||
| 999 |
_c121056 _d121056 |
||